Compendio estadístico 2022 : (Record no. 23109)

000 -CABECERA
fixed length control field 01442nam a22002777i 4500
003 - IDENTIFICADOR DEL NÚMERO DE CONTROL
control field AR-CdUCM
008 - DATOS DE LONGITUD FIJA--INFORMACIÓN GENERAL
fixed length control field 241104b20232023 pe||||| |||| 00| 0 spa d
040 ## - FUENTE DE LA CATALOGACIÓN
Agencia/entidad que catalogó originalmente la obra MUNICIPALIDAD PROVINCIAL DEL CUSCO
Entidad que transcribió la catalogación BIBLIOTECA MUNICIPAL DEL CUSCO
082 ## - NÚMERO DE LA CLASIFICACIÓN DECIMAL DEWEY
No. de Clasificación 376.5197 / U61
Notacion interna U61
110 ## - ENTRADA PRINCIPAL--NOMBRE DE ENTIDAD CORPORATIVA
Nombre de la institución, jurisdicción como entrada principal Universidad Nacional Amazónica Madre de Dios
9 (RLIN) 50765
245 ## - MENCIÓN DE TÍTULO
Título Compendio estadístico 2022 :
Resto del título Datos del año 2021 /
260 ## - PUBLICACIÓN, DISTRIBUCIÓN, ETC.
Lugar de publicación, distribución, etc. Puerto Maldonado :
Nombre de la editorial, distribuidor, etc. Universidad Nacional Amazónica de Madre de Dios
Fecha de publicación, distribución, etc. 2023
300 ## - DESCRIPCIÓN FÍSICA
Nº de Páginas Extensión 198 páginas. :
Dimensiones 24 cm
505 ## - NOTA DE CONTENIDO CON FORMATO
Nota de contenido formateada Principales variables y datos académicos -- Demanda universitaria de pregrado -- Formación universitaria de pregrado -- Egresados, Graduados y titulados -- Personal docente y departamentos académicos -- Investigaciones y publicaciones -- Actividades académicos, culturales y deportivas -- Infraestructura , recursos físicos y tecnológicos -- Proyección social y extensión universitaria --Personal administrativo y obrero -- Bienestar estudiantil y atenciones de salud -- Información presupuestal
650 ## - PUNTO DE ACCESO ADICIONAL DE MATERIA--TÉRMINO DE MATERIA
Descriptor Programas académicas
9 (RLIN) 50766
650 ## - PUNTO DE ACCESO ADICIONAL DE MATERIA--TÉRMINO DE MATERIA
Descriptor Facultades
9 (RLIN) 50767
650 ## - PUNTO DE ACCESO ADICIONAL DE MATERIA--TÉRMINO DE MATERIA
Descriptor postulantes
9 (RLIN) 50768
650 ## - PUNTO DE ACCESO ADICIONAL DE MATERIA--TÉRMINO DE MATERIA
Descriptor Modalidad
9 (RLIN) 50769
650 ## - PUNTO DE ACCESO ADICIONAL DE MATERIA--TÉRMINO DE MATERIA
Descriptor Estudiantes
9 (RLIN) 1674
650 ## - PUNTO DE ACCESO ADICIONAL DE MATERIA--TÉRMINO DE MATERIA
Descriptor Docencia
9 (RLIN) 30457
650 ## - PUNTO DE ACCESO ADICIONAL DE MATERIA--TÉRMINO DE MATERIA
Descriptor Actividades académicas
9 (RLIN) 50770
700 ## - PUNTO DE ACCESO ADICIONAL--NOMBRE DE PERSONA
Nombre Personal Roca Pedraza, Katerin (compilador)
9 (RLIN) 50771
942 ## - ELEMENTOS DE PUNTO DE ACCESO ADICIONAL (KOHA)
Fuente de clasificación
Tipo de item Libros-BMC
945 ## - PROCESAMIENTO DE INFORMACIÓN LOCAL (OCLC)
Catalogador pbj
AAAA-MM-DD - Fecha de ingreso o modificacion 04-11-2024
Holdings
Estado de retiro (separado) Fuente de clasificación o esquema de estanterías Estado dañado Ubicación Sala donde se ubica Nombre de la colección Fecha de adquisición o compra Fuente de adquisición Costo, precio normal en soles Signatura topográfica Código de Barras Última vez visto (Koha) Tipo de ítem (Koha)
No     Sala Humanidades Sala Humanidades Book Cart 2024-11-04 Donación 20.00 376.5197 / U61 SH0000016840 2024-11-04 Libros-BMC

Powered by Koha